Guess the Location #14 - Statistics

General Stats
  • This quiz has been taken 44 times
  • The average score is 11 of 15
Answer Stats
Populated Places Sovereign
State?
Continent First
Letter
Location % Correct
Thessaloniki, Patra, Piraeus Y Europe G Greece
98%
Yokohama, Osaka, Nagoya Y Asia J Japan
95%
Tiraspol, Bălți, Bender Y Europe M Moldova
90%
Khujand, Kulob, Bokhtar (Qurghonteppa) Y Asia T Tajikistan
88%
Boumerdès, Oran, Tébessa Y Africa A Algeria
85%
Gulu, Lira, Mbarara Y Africa U Uganda
83%
Gouyave, Grenville, Victoria Y N. Amer. G Grenada
80%
Tripoli, Sidon, Tyre Y Asia L Lebanon
80%
Blantyre, Mzuzu, Zomba Y Africa M Malawi
80%
Wanyjok, Malakal, Wau Y Africa S South Sudan
80%
Dehiwala-Mount Lavinia, Moratuwa, Jaffna Y Asia S Sri Lanka
75%
Dededo, Yigo, Tamuning N Oceania G Guam
53%
Koungou, Dzaoudzi, Dembeni N Africa M Mayotte
35%
Longwood, Jamestown, Georgetown N Africa S Saint Helena
33%
Lower Prince’s Quarter, Cul de Sac, Cole Bay N N. Amer. S Sint Maarten
23%
No matching quizzes found
Score Distribution
Percent of People with Each Score
Percentile by Number Answered
Your Score History
You have not taken this quiz